I'm so excited! /
A mechanical failure on a plane flying to Mexico City is endangering the lives of the passengers aboard. As the pilots attempt to fix the error, the attendants attempt to assist the passengers, and the passengers have a catharsis of emotion that helps them escape the idea of death.
| Other Authors: | , , , , , |
|---|---|
| Format: | Video DVD |
| Language: | Spanish French |
| Language Notes: | In Spanish or dubbed French, with optional subtitles in English or French; English subtitles for the deaf and hard of hearing. |
| Published: |
[Place of publication not identified] :
[Publisher not identified],
[2013]
|
| Subjects: |
MARC
| Tag | First Indicator | Second Indicator | Subfields |
|---|---|---|---|
| LEADER | 00000cgm a2200000Ii 4500 | ||
| 001 | in00003427521 | ||
| 005 | 20151207105512.0 | ||
| 007 | vd cvaizq | ||
| 008 | 131226s2013 cau090 vlspa d | ||
| 024 | 1 | |a 043396425460 | |
| 028 | 0 | 2 | |a 42546 |b Sony Pictures Classics |
| 035 | |a (OCoLC)ocn866822673 | ||
| 035 | |a (OCoLC)866822673 | ||
| 040 | |a TEFMT |b eng |e rda |c TEFMT |d TEF |d MR0 |d TXA |d UtOrBLW | ||
| 041 | 1 | |a spa |a fre |j eng |j fre |h spa | |
| 049 | |a TXAM | ||
| 050 | 4 | |a PN1997.2 |b .I47 2013 | |
| 082 | 0 | 4 | |a 791.43/72 |2 23 |
| 090 | |a PN1995.9.F67 |b I493 2013 | ||
| 245 | 0 | 0 | |a I'm so excited! / |c a Sony Pictures Classics release ; El Deseo presents ; produced by Agustín Almodóvar & Esther García ; written and directed by Pedro Almodóvar. |
| 246 | 3 | |a I am so excited! | |
| 246 | 1 | |i Original title: |a Amantes pasajeros | |
| 264 | 1 | |a [Place of publication not identified] : |b [Publisher not identified], |c [2013] | |
| 264 | 2 | |a Culver City, CA : |b Sony Pictures Classics, |c [2013] | |
| 264 | 4 | |c ©2013 | |
| 300 | |a 1 videodisc (90 min.) : |b sound, color ; |c 4 3/4 in. | ||
| 336 | |a two-dimensional moving image |b tdi |2 rdacontent | ||
| 337 | |a video |b v |2 rdamedia | ||
| 338 | |a videodisc |b vd |2 rdacarrier | ||
| 344 | |a digital |b optical |g surround |h DTS-HD Master Audio 5.1 | ||
| 347 | |a video file |b DVD video |2 rda | ||
| 380 | |a Motion picture | ||
| 538 | |a DVD ; widescreen (1.78:1) presentation ; DTS-HD Master Audio 5.1. | ||
| 546 | |a In Spanish or dubbed French, with optional subtitles in English or French; English subtitles for the deaf and hard of hearing. | ||
| 500 | |a Title from container. | ||
| 511 | 1 | |a Carlos Areces, Antonio De La Torre, Hugo Silva. | |
| 508 | |a Director of photography, José Luis Alcaine ; music, Alberto Iglesias ; editor, José Salcedo. | ||
| 500 | |a Originally part of a Blu-ray/DVD combo pack. | ||
| 500 | |a DVD release of the 2013 motion picture. | ||
| 521 | 8 | |a MPAA Rating: R; for strong sexual content including crude references, and drug use; CHVRS rating: 14A, for substance abuse and sexual content. | |
| 520 | |a A mechanical failure on a plane flying to Mexico City is endangering the lives of the passengers aboard. As the pilots attempt to fix the error, the attendants attempt to assist the passengers, and the passengers have a catharsis of emotion that helps them escape the idea of death. | ||
| 500 | |a Special features: Presenting I'm so exicted ; making I'm so excited. | ||
| 650 | 0 | |a Air pilots |v Drama. | |
| 650 | 0 | |a Flight attendants |v Drama. | |
| 650 | 0 | |a Air travel |v Drama. | |
| 655 | 7 | |a Motion pictures, Spanish. |2 local | |
| 655 | 7 | |a Foreign films |z Spain. |2 local | |
| 655 | 7 | |a Comedy films. |2 lcgft | |
| 655 | 7 | |a Feature films. |2 lcgft | |
| 655 | 7 | |a Fiction films. |2 lcgft | |
| 655 | 7 | |a Video recordings for the hearing impaired. |2 lcgft | |
| 700 | 1 | |a Areces, Carlos, |d 1976- |e actor. | |
| 700 | 1 | |a Torre, Antonio de la, |e actor. | |
| 700 | 1 | |a Silva, Hugo, |d 1977- |e actor. | |
| 700 | 1 | |a Almodóvar, Agustin, |e producer. | |
| 700 | 1 | |a García, Esther, |d 1956- |e producer. | |
| 700 | 1 | |a Almodóvar, Pedro, |e film director, |e screenwriter. | |
| 710 | 2 | |a Deseo, S.A., |e production company. | |
| 710 | 2 | |a Sony Pictures Classics (Firm), |e film distributor. | |
| 730 | 0 | |a Amantes pasajeros (Motion picture) | |
| 994 | |a C0 |b TXA | ||
| 948 | |a cataloged |b h |c 2014/1/10 |d c |e blrosas |f 10:18:18 am | ||
| 999 | |a MARS | ||
| 999 | f | f | |s 1d6a008f-6b8c-39e5-ad20-ea6994d0348d |i 8202d1ed-b17f-3032-9ee0-96fdfa883af4 |t 0 |
| 952 | f | f | |p dvd |a Texas A&M University |b College Station |c Sterling C. Evans Library |d Evans: Media and Reserves (Annex 1st floor) |t 0 |e PN1995.9.F67 I493 2013 |h Library of Congress classification |i video -- videodisc |m A14842202237 |
| 998 | f | f | |a PN1995.9.F67 I493 2013 |t 0 |l Evans: Media and Reserves (Annex 1st floor) |